000 02035cam a22005414i 4500
003 PE-LiUPU
005 20250731180145.0
008 150706s r 000 0 d
020 _a9788492812110
035 _a(Sirsi) i9788492812110
040 _aPE-LiUPU
_bspa
_cPE-LiUPU
_erda
049 _aPRUA
082 0 4 _a519.2
_bU42
_221
100 1 _aUña Juárez, Isaías,
_eautor.
245 1 0 _aCálculo de probabilidades /
_cIsaías Uña Juárez, Jesús San Martín Moreno y Venacio Tomeo Perucha.
264 1 _aMadrid :
_bGarceta,
_c2010.
300 _a306 páginas :
_bilustraciones ;
_c26 cm.
336 _atext
_2rdacontent
337 _aunmediated
_2rdamedia
338 _avolume
_2rdacarrier
505 0 _aAnálisis combinatorio -- Sucesos aleatorios -- Concepto de probabilidad -- Probabilidad condicionada -- Variables aleatorias -- Características de las distribuciones -- Función característica -- Distribuciones discretas -- Distribuciones continuas -- Sucesiones de variables aleatorias .
526 _aSEG44
526 _aSEG26
526 _aP159
526 _aP155
526 _aP154
526 _aP153
526 _aP150
526 _aP100
526 _aP31
526 _aP30
526 _aP26
526 _aP25
526 _aP24
526 _aP22
526 _aP15
526 _aP10
541 _g015-0012821;
650 0 4 _aProbabilidades
_vProblemas.
700 1 _aSan Martín Moreno, Jesús,
_eautor.
700 1 _aTomeo Perucha, Venancio,
_eautor.
910 _bjv
_cng
_d20110602
942 _2ddc
_cBOOK
949 _a519.2 U42
_wDEWEY
_c1
_i63070
_lCCODEBUL1
_mBUL
_p49.00
_r0
_sY
_tBOOK
_u2015-7-6
_xINGENIERIA
_zUNKNOWN
_o.STAFF. Colección General
994 _aC0
_bPEPRU
596 _a1
999 _a519.2 U42
_wDEWEY
_c52086
_i63070
_d52086
_e2018-4-16
_f2021-11-5
_g7
_lCCODEBUL1
_mBUL
_n3
_p49.00
_r0
_sY
_tBOOK
_u2015-7-6
_xBIBLIOTECA
_zUNKNOWN
_0COMPRA
_o.STAFF. Colección General
980 _81
_gALBERTO SANCHEZ Responsable de Automatización